[Event "PER-ch 44th"]
[Site "Peru"]
[Date "1996.??.??"]
[Round "11"]
[White "Fuentes, Moises"]
[Black "Belli, Mario"]
[Result "0-1"]
[WhiteElo "2385"]
[BlackElo "2430"]

1.e4 d6 2.d4 g6 3.Nc3 Bg7 4.Be3 c6 5.Qd2 Nf6 6.Bh6 O-O 7.Bxg7 Kxg7 8.Nf3 Bg4
9.h3 Bxf3 10.gxf3 e5 11.O-O-O Nbd7 12.dxe5 dxe5 13.f4 exf4 14.Qxf4 Qa5 15.Be2 Rae8
16.Rd6 Re6 17.Rxe6 fxe6 18.Bc4 e5 19.Qe3 Qc5 20.Qe2 Nh5 21.Rd1 Nb6 22.Bb3 Qxf2
23.Qg4 Qf4+ 24.Kb1 Qxg4 25.hxg4 Ng3 26.a4 Rf1 27.Rxf1 Nxf1 28.a5 Nd7 29.Be6 Nc5
30.Bc8 b6 31.axb6 axb6 32.b4 Nd2+ 33.Kc1 Ncxe4 34.Nxe4 Nxe4 35.Bb7 Nf6 36.Bxc6 Nxg4
37.c4 Ne3  0-1

[Event "Petah Tiqwa"]
[Site "Petah Tiqwa"]
[Date "1996.??.??"]
[Round "6"]
[White "Ribshtein, Nati"]
[Black "Kanstler, Boris"]
[Result "1/2-1/2"]
[WhiteElo "2270"]
[BlackElo "2455"]

1.e4 g6 2.d4 Bg7 3.Nc3 d6 4.Be3 a6 5.Qd2 b5 6.f3 Bb7 7.h4 h5 8.Nge2 Nd7 9.Nf4 c5
10.dxc5 Nxc5 11.Nd3 Qc7 12.Nxc5 dxc5 13.O-O-O Nf6 14.Bf4 Qc6 15.e5 Nd7 16.Qe3 Qe6
17.g3 Nxe5 18.Bh3 Qf6 19.Rhe1 Nc4 20.Bd7+ Kf8 21.Qxc5 Kg8 22.Rd3  1/2-1/2

[Event "JUG-ch Podgorica"]
[Site "Podgorica"]
[Date "1996.??.??"]
[Round "10"]
[White "Kosic, Dragan"]
[Black "Pikula, Dejan"]
[Result "1-0"]
[WhiteElo "2515"]
[BlackElo "2455"]

1.d4 g6 2.e4 Bg7 3.Nc3 d6 4.Be3 c6 5.Qd2 Nf6 6.f3 b5 7.a4 b4 8.Nd1 Qa5 9.Bd3 O-O
10.Ne2 e5 11.O-O Nbd7 12.Nf2 Re8 13.dxe5 dxe5 14.Nc1 c5 15.Nb3 Qc7 16.Qe2 Nh5
17.g3 Bf8 18.Rfd1 Ng7 19.Ng4 Ne6 20.Bb5 Be7 21.Rd5 Nd4 22.Bxd4 exd4 23.Qc4 Nb6
24.Rxc5 Qd6 25.Qd3 Rd8 26.a5 Bxg4 27.axb6 Be6 28.Rc6 Qe5 29.f4 Qh5 30.bxa7 Bd7
31.Ra5 Qg4 32.Rb6 h5 33.Qe2 Qxe2 34.Bxe2 Kg7 35.Bc4 Be6 36.Bxe6 fxe6 37.Rb7 Kf8
38.Kf1 d3 39.cxd3 Rxd3 40.Rb8+ Rd8 41.Rxa8 Rxa8 42.Nd4  1-0

[Event "POL-chTJ"]
[Site "Poland"]
[Date "1996.??.??"]
[Round "?"]
[White "Twardowski, Lukasz"]
[Black "Panas, Pawel"]
[Result "1/2-1/2"]
[WhiteElo "2265"]
[BlackElo "2215"]

1.Nc3 g6 2.d4 Bg7 3.e4 d6 4.Bc4 c6 5.Nf3 Nf6 6.e5 dxe5 7.Nxe5 O-O 8.O-O Nbd7
9.Bg5 Qc7 10.Re1 e6 11.Nxd7 Bxd7 12.Qf3 Nd5 13.Ne4 h6 14.Bxd5 cxd5 15.Nf6+ Bxf6
16.Bxf6 Qxc2 17.g4 Rac8 18.Re2 Qc4 19.Re3 e5 20.Rxe5 Qxd4 21.Rh5 Qxf6 22.Qxf6 gxh5
23.Qxh6 Bxg4 24.Qg5+ Kh7 25.Qe3 Rce8 26.Qd3+ Kh8 27.h3 Be6 28.Kh2 Rg8 29.Qd4+ Kh7
30.Re1 Rg5 31.f4 Rf5 32.Rg1 Rg8 33.Rxg8 Kxg8 34.Qxa7 Kh7 35.Qd4 Kg6 36.b4 Bd7
37.b5 Bxb5 38.Qg1+ Kf6 39.Qd4+ Kg6 40.Qg1+  1/2-1/2

[Event "POL-chTJ"]
[Site "Poland"]
[Date "1996.??.??"]
[Round "?"]
[White "Jablonski, Lukasz"]
[Black "Martowicz, Krzysztof"]
[Result "1-0"]
[WhiteElo "2055"]
[BlackElo "2100"]

1.e4 g6 2.d4 Bg7 3.Nc3 d6 4.Be3 Nf6 5.f3 c6 6.Qd2 h5 7.O-O-O b5 8.h4 a5 9.Nh3 a4
10.Ng5 b4 11.Nb1 Qa5 12.Bd3 Nbd7 13.f4 Ng4 14.e5 dxe5 15.Bc4 e6 16.fxe5 Nb6
17.Be2 Nh6 18.Rhf1 Nf5 19.Bd3 Ba6 20.Ne4 Nc4 21.Rxf5 gxf5 22.Nd6+ Kd7 23.Nxc4 Bxc4
24.Bxc4 Bf8 25.Qf2 Kc7 26.Nd2 Be7 27.Nf3 b3 28.cxb3 axb3 29.Bxb3 Rhb8 30.Nd2 Rb4
31.Nc4 Qb5 32.Qc2 Rg8 33.Nd6 Bxd6 34.exd6+ Kd7 35.d5 c5 36.dxe6+ fxe6 37.Bd2 Rxg2
38.Re1 c4 39.Qc3 Qc6 40.Qxb4 cxb3+ 41.Bc3 bxa2 42.Qa3 Qc5 43.Qa4+ Qc6 44.Qa7+ Kc8
45.d7+ Qxd7 46.Qa8+ Kc7 47.Qxa2 Rg4 48.Qa7+ Kc6 49.Qa3 Kc7 50.Be5+ Kd8 51.Rd1  1-0

[Event "POL-chTJ"]
[Site "Poland"]
[Date "1996.??.??"]
[Round "?"]
[White "Kucharski, Tomasz"]
[Black "Martowicz, Krzysztof"]
[Result "1-0"]
[WhiteElo "2100"]
[BlackElo "2100"]

1.e4 g6 2.d4 Bg7 3.Nc3 d6 4.Be3 Nf6 5.f3 c6 6.Bc4 b5 7.Bb3 Qc7 8.Qd2 a5 9.a3 h5
10.d5 Bd7 11.dxc6 Bxc6 12.Nge2 a4 13.Ba2 Qb7 14.Nd4 Bd7 15.O-O Na6 16.Rad1 Nc7
17.Kh1 Kf8 18.Qd3 h4 19.Nde2 Bc6 20.Nf4 Bh6 21.e5 Bxf4 22.exf6 Be5 23.fxe7+ Kxe7
24.Bd4 Rad8 25.Rfe1 Ne6 26.Bxe6 Kxe6 27.Ne4 Bxe4 28.Rxe4 f5 29.Re2 Kf6 30.Rde1 Rhe8
31.f4 Bxd4 32.Rxe8 Rxe8 33.Rxe8 Kf7 34.Re2 Bc5 35.c4 b4 36.axb4 Bxb4 37.Qd4 Bc5
38.Qh8 Qb3 39.Qe8+ Kg7 40.Re7+  1-0

[Event "POL-ch"]
[Site "Poland"]
[Date "1996.??.??"]
[Round "6"]
[White "Kaminski, Marcin"]
[Black "Markowski, Tomasz"]
[Result "1/2-1/2"]
[WhiteElo "2525"]
[BlackElo "2535"]

1.e4 g6 2.d4 Bg7 3.Nc3 d6 4.Be3 c6 5.Qd2 b5 6.f3 Nd7 7.h4 h6 8.a4 Qa5 9.Bd3 b4
10.Nce2 Rb8 11.Nh3 Ngf6 12.b3 c5 13.Rd1 a6 14.dxc5 Nxc5 15.Nf2 Bb7 16.O-O Rc8
17.Bc4 Nfd7 18.Nf4 Ne5 19.Be2 Ba8 20.N2d3 Nc6 21.Nf2 Ne5 22.N2d3 Nc6 23.Nf2  1/2-1/2

[Event "POL-ch"]
[Site "Poland"]
[Date "1996.??.??"]
[Round "15"]
[White "Kaminski, Marcin"]
[Black "Gdanski, Jacek"]
[Result "1/2-1/2"]
[WhiteElo "2525"]
[BlackElo "2480"]

1.e4 g6 2.d4 Bg7 3.Nc3 d6 4.Be3 c6 5.Qd2 Nd7 6.f4 b5 7.Nf3 Nb6 8.b3 Nf6 9.Bd3 d5
10.e5 Ng4 11.a4 b4 12.Nd1 a5 13.Nf2 h5 14.Nxg4 Bxg4 15.Nh4 e6 16.Bf2 Bf8
17.h3 Bf5 18.Nxf5 gxf5 19.O-O Rc8 20.Rac1 Nd7 21.c3 bxc3 22.Qxc3 Bb4 23.Qb2 Nf8
24.Rxc6 Rxc6 25.Bb5 Ng6 26.Bxc6+ Kf8 27.Be3 Kg7 28.Bb5 Qe7 29.Qc2 Rb8 30.Qe2 Rc8
31.Rc1 Rxc1+ 32.Bxc1 Qc7 33.Bd2 h4 34.Kf2 Qe7 35.Bxb4 Qxb4 36.Qe3 Qa3 37.Kg1 Qb2
38.Bf1 Kf8 39.Bb5 Qb1+ 40.Kf2 Qb2+ 41.Kg1 Qb1+ 42.Kh2 Qb2 43.Kg1  1/2-1/2

[Event "Polanica Zdroj op"]
[Site "Polanica Zdroj"]
[Date "1996.??.??"]
[Round "?"]
[White "Szopieraj, Dariusz"]
[Black "Motyl, Tomasz"]
[Result "1-0"]
[WhiteElo "2155"]
[BlackElo "2090"]

1.e4 g6 2.d4 Bg7 3.Nc3 d6 4.f4 Nd7 5.Nf3 c5 6.d5 Rb8 7.a4 Nh6 8.Bd3 O-O 9.O-O a6
10.Kh1 Nb6 11.Qe1 c4 12.Be2 Bg4 13.Qh4 Rc8 14.f5 e5 15.Bg5  1-0

[Event "Polanica Zdroj op"]
[Site "Polanica Zdroj"]
[Date "1996.??.??"]
[Round "6"]
[White "Grabarczyk, Bogdan"]
[Black "Murdzia, Piotr"]
[Result "1/2-1/2"]
[WhiteElo "2420"]
[BlackElo "2375"]

1.e4 g6 2.d4 Bg7 3.Nc3 d6 4.Bg5 Nc6 5.d5 Nb8 6.Qd2 Nf6 7.Bh6 O-O 8.f3 e6
9.O-O-O exd5 10.exd5 Re8 11.Bxg7 Kxg7 12.g4 Qe7 13.h4 Qe3 14.h5 Qxd2+ 15.Kxd2 a6
16.h6+ Kf8 17.Nge2 b5 18.b4 Bb7 19.Nf4 Re5 20.Nd3 Re7 21.Nf4 Re5  1/2-1/2

[Event "Polanica Zdroj op"]
[Site "Polanica Zdroj"]
[Date "1996.??.??"]
[Round "8"]
[White "Pallova, Martina"]
[Black "Szymczak, Zbigniew"]
[Result "0-1"]
[WhiteElo "2100"]
[BlackElo "2330"]

1.e4 g6 2.d4 Bg7 3.Nc3 d6 4.f4 a6 5.Nf3 b5 6.a3 Bb7 7.Be3 Nd7 8.d5 Ngf6 9.Nd4 O-O
10.Be2 Nc5 11.Bf3 e6 12.O-O exd5 13.exd5 Re8 14.Re1 Nce4 15.Nde2 c5 16.dxc6 Bxc6
17.Bd4 Nxc3 18.Nxc3 Rxe1+ 19.Qxe1 Bxf3 20.gxf3 Rc8 21.Rd1 Nh5 22.Qd2 Bxd4+
23.Qxd4 Qh4 24.Qxd6 Nxf4 25.Qe5 f6 26.Qe1 Qh3 27.Qf2 Qf5 28.Kh1 Re8 29.Re1 Rxe1+
30.Qxe1 Qxc2 31.Qf1 Qxb2 32.Ne4 f5 33.Nf2 Qxa3 34.Qd1 Qe3  0-1

[Event "Policka op"]
[Site "Policka"]
[Date "1996.??.??"]
[Round "7"]
[White "Karnik, Pavel"]
[Black "Ianov, Viktor"]
[Result "1/2-1/2"]
[WhiteElo "2280"]
[BlackElo "2415"]

1.e4 d6 2.d4 g6 3.Nc3 Bg7 4.Be3 a6 5.Qd2 e6 6.Nf3 Nd7 7.a4 b6 8.Bd3 Bb7 9.O-O h6
10.h3 Ne7 11.Ne2 Nf6 12.Ng3 d5 13.exd5 Nfxd5 14.c3 Nf5 15.Bxf5 exf5 16.Rfe1 Kf8
17.c4 Nxe3 18.fxe3 Bxf3 19.gxf3 c5 20.d5 Qh4 21.Kg2 Qxc4 22.d6 Rd8 23.Rad1 Qxa4
24.Qd5 Qd7 25.Re2 h5 26.e4 h4 27.e5 Re8 28.Nf1 f4 29.Nh2 Bf6 30.Rde1 Rh5
31.Ng4 Bd8 32.Qc4 Qb5 33.Qxf4 Re6 34.Qd2 Qc6 35.Nf6 Bxf6 36.exf6 Rxf6 37.Re8+ Kg7
38.d7 Qxf3+  1/2-1/2

[Event "Porto San Giorgio op"]
[Site "Porto San Giorgio"]
[Date "1996.??.??"]
[Round "?"]
[White "Colovic, Zoran"]
[Black "Zlochevskij, Alexander"]
[Result "1-0"]
[WhiteElo "2140"]
[BlackElo "2405"]

1.e4 g6 2.d4 Bg7 3.Nc3 d6 4.f4 Nf6 5.Nf3 O-O 6.Be2 c5 7.dxc5 Qa5 8.O-O Qxc5+
9.Kh1 Nc6 10.Bd3 Bg4 11.Qe1 Nb4 12.Be3 Nxd3 13.cxd3 Qa5 14.Nd4 Bd7 15.f5 Rac8
16.a3 Ng4 17.Bg1 Ne5 18.Rd1 Nc6 19.Nf3 Qd8 20.Qh4 e6 21.Qg3 Ne5 22.Be3 a6
23.Bg5 f6 24.fxe6 Bxe6 25.Bh4 Kh8 26.d4 Nc4 27.d5 Bf7 28.Qf2 Ne5 29.Nxe5  1-0

[Event "CZE-ch U18"]
[Site "Prague"]
[Date "1996.??.??"]
[Round "1"]
[White "Hromas, Jan"]
[Black "Spacek, Libor"]
[Result "1/2-1/2"]
[WhiteElo "1635"]
[BlackElo "1920"]

1.e4 g6 2.d4 Bg7 3.Nc3 d6 4.f4 Nf6 5.Nf3 c5 6.e5 dxe5 7.dxe5 Qxd1+ 8.Kxd1 Ng4
9.Ke1 Be6 10.h3 Nh6 11.Be3 Nd7 12.g4 O-O 13.Ng5 Rfd8 14.Nxe6 fxe6 15.Bc4 Nf8
16.Ne4 Nf7 17.Nxc5 Rdc8 18.Bb3 b6 19.Nd3 g5 20.f5 Nxe5 21.Nxe5 Bxe5 22.Bxg5 Bxb2
23.Rd1 Ba3 24.fxe6 Rc5 25.Bd5 Rac8 26.Bxe7 Rxd5 27.Bxa3 Re5+ 28.Kd2 Nxe6
29.Kc1  1/2-1/2

[Event "Pula op"]
[Site "Pula"]
[Date "1996.??.??"]
[Round "?"]
[White "Zelcic, Robert"]
[Black "Horvath, Zoltan"]
[Result "1-0"]
[WhiteElo "2495"]
[BlackElo "2140"]

1.e4 d6 2.d4 g6 3.Nc3 Bg7 4.Bc4 Nf6 5.Qe2 Nc6 6.Nf3 Bg4 7.e5 Bxf3 8.gxf3 Nxd4
9.exf6 Nxe2 10.fxg7 Rg8 11.Kxe2 Rxg7 12.h4 h5 13.Bh6 Rh7 14.Bg5 c6 15.Rhe1 d5
16.Bd3 Qd7 17.Kf1 f5 18.Re5 O-O-O 19.Rae1 Re8 20.Ne2 Kb8 21.Nf4 Rg7 22.Ne6 Rf7
23.Bf4 Ka8 24.Rxd5 cxd5 25.Nc7+ Kb8 26.Bb5  1-0

[Event "CRO-ch"]
[Site "Pula"]
[Date "1996.??.??"]
[Round "?"]
[White "Golubovic, Boris"]
[Black "Arapovic, Vitomir"]
[Result "1/2-1/2"]
[WhiteElo "2385"]
[BlackElo "2415"]

1.d4 g6 2.e4 Bg7 3.Nc3 d6 4.f4 c6 5.Nf3 Bg4 6.Be3 Qb6 7.Qd2 Bxf3 8.gxf3 Nd7
9.O-O-O Qa5 10.Kb1 O-O-O 11.Rg1 Kb8 12.f5 Ngf6 13.Bc4 Rhf8 14.h4 b5 15.Bd3 Nb6
16.Qh2 Nc4 17.Bc1 Ka8 18.Ne2 Nh5 19.fxg6 fxg6 20.Qh3 e5 21.c3 d5 22.Bg5 Bf6
23.Bxc4 bxc4 24.Bxf6 Rxf6 25.dxe5 Rff8 26.exd5 Rxd5 27.f4 Rb8 28.Rxd5 Qxd5
29.Qg2 Qd2 30.Qxc6+ Rb7 31.Qc8+  1/2-1/2

[Event "CRO-ch"]
[Site "Pula"]
[Date "1996.??.??"]
[Round "?"]
[White "Martic, Zlatko"]
[Black "Arapovic, Vitomir"]
[Result "0-1"]
[WhiteElo "2295"]
[BlackElo "2415"]

1.d4 g6 2.e4 Bg7 3.Nc3 d6 4.f3 c6 5.Be3 Qb6 6.Rb1 Nf6 7.Qd2 Nbd7 8.Nh3 Qc7
9.Nf2 O-O 10.Be2 e5 11.f4 b5 12.a3 exd4 13.Bxd4 a5 14.b4 axb4 15.axb4 Nb6
16.O-O Be6 17.f5 Bc4 18.Ng4 Nxg4 19.Bxg7 Kxg7 20.Bxg4 Bxf1 21.Rxf1 f6 22.Be2 Nd7
23.Bd3 Ne5 24.Ne2 Qb6+ 25.Kh1 g5 26.h4 h6 27.c3 c5 28.Bb1 cxb4 29.Nd4 bxc3
30.Qxc3 Rfc8 31.Ne6+ Kh7 32.Qb3 Ra7 33.hxg5 hxg5 34.Ba2 Nc4 35.Rf3 Rh8 36.Rh3+ Kg8
37.e5 Rxh3+ 38.gxh3 Qf2 39.Bb1 Ra3  0-1

[Event "Raahe We RaahLi"]
[Site "Raahe"]
[Date "1996.??.??"]
[Round "5"]
[White "Mertanen, Janne"]
[Black "Luukkonen, Tommi"]
[Result "1/2-1/2"]
[WhiteElo "2205"]
[BlackElo "2100"]

1.d4 g6 2.e4 Bg7 3.Nc3 d6 4.f4 Nf6 5.Nf3 c5 6.Bb5+ Bd7 7.e5 Ng4 8.e6 fxe6
9.Ng5 Bxd4 10.Nxe6 Bxb5 11.Nxd8 Bf2+ 12.Kd2 Be3+ 13.Ke1 Bf2+ 14.Kd2 Be3+
15.Ke1 Bf2+  1/2-1/2

[Event "Randers"]
[Site "Randers"]
[Date "1996.??.??"]
[Round "4"]
[White "Ochsner, Thomas"]
[Black "Lindfeldt, Jan Magnus"]
[Result "1/2-1/2"]
[WhiteElo "2300"]
[BlackElo "2165"]

1.e4 g6 2.d4 Bg7 3.Nc3 d6 4.f4 Nf6 5.Nf3 O-O 6.Bd3 Na6 7.O-O c5 8.d5 e6 9.dxe6 Bxe6
10.f5 Bc8 11.Bg5 Qb6 12.Kh1 Qxb2 13.Qd2 Qb6 14.Rab1 Qa5 15.fxg6 fxg6 16.Bc4+ Kh8
17.Bh6 Ng4 18.Bxg7+ Kxg7 19.h3 Nf6 20.Qxd6 Qc7 21.Qd2 Nb4 22.a3 Nc6 23.Nd5 Qg3
24.Qe2 b6 25.Nxf6 Rxf6 26.e5 Rf8 27.Rbd1 Bf5 28.e6 Rae8 29.c3 Re7 30.Qe1 Qxe1
31.Rfxe1 Rd8 32.Bd5 Rd6 33.Ng5 Kf6 34.Ne4+ Bxe4 35.Rxe4 Nd8 36.Rf1+ Kg7 37.c4 b5
38.Rfe1 a6 39.Kg1 g5 40.R1e2 h6 41.h4 b4 42.axb4 cxb4 43.hxg5 hxg5 44.Re5 a5
45.c5 Ra6 46.Rxg5+ Kf6 47.Rg8 Nxe6 48.c6 Raa7 49.Rb8 Nd4 50.Rf8+ Kg7 51.Rg8+ Kh7
52.Rd2 Ne2+ 53.Kf1 Nc3 54.Rg3 Rg7 55.Rh3+ Kg6 56.Bc4 Kf6 57.Re3 Rg5 58.Rd6+ Kf5
59.Re8 Rgg7 60.Bd3+ Kg5 61.g3 Rae7 62.Rxe7 Rxe7 63.Rg6+ Kh5 64.Kg2 Ne4 65.c7 Rxc7
66.Bxe4 a4 67.Kh3 Rc3 68.Ra6 a3 69.Ra4 Rc4 70.Bd5 Rd4 71.Bf7+ Kg5 72.Bg8 Kh5
73.Ra6 Kg5 74.Rb6 Kh5 75.Rb5+ Kg6 76.g4 Kg7 77.Rb8 Rd2 78.Kh4 a2 79.Ra8 a1=Q
80.Rxa1 Kxg8 81.Kh5 Rd6 82.Ra8+ Kg7 83.Ra7+ Kg8 84.Rb7  1/2-1/2

[Event "Recklinghausen"]
[Site "Recklinghausen"]
[Date "1996.??.??"]
[Round "9"]
[White "Khenkin, Igor"]
[Black "Schmaltz, Roland"]
[Result "1-0"]
[WhiteElo "2575"]
[BlackElo "2440"]

1.d4 g6 2.e4 Bg7 3.Nc3 d6 4.Nge2 Nf6 5.g3 O-O 6.Bg2 Nc6 7.h3 e5 8.Be3 exd4
9.Nxd4 Re8 10.O-O Bd7 11.Re1 a6 12.a4 Nb4 13.Qd2 c5 14.Nb3 Bc6 15.Rad1 Nd7
16.Bg5 Qc7 17.f4 Nb6 18.Na5 Nxa4 19.Nxc6 Nxc3 20.Nxb4 cxb4 21.Qxd6 Qxd6 22.Rxd6 Nb5
23.Rd7 h6 24.Be7 Rac8 25.e5 Rxc2 26.Bxb4 Rxb2 27.Bd5 Rc8 28.Bxf7+ Kh8 29.Bd2 Rcc2
30.Re2 Bf8 31.Bxg6 Bc5+ 32.Kf1 Rb1+ 33.Kg2 Rg1+ 34.Kf3 Ra2 35.Be3 Rf1+ 36.Kg4 Rxe2
37.Bxc5 Rc1 38.Be7 Rc8 39.Bf6+ Kg8 40.Rh7  1-0

[Event "Regensburg op"]
[Site "Regensburg"]
[Date "1996.??.??"]
[Round "1"]
[White "Lanka, Zigurds"]
[Black "Nill, Jessica"]
[Result "1-0"]
[WhiteElo "2510"]
[BlackElo "2140"]

1.e4 d6 2.d4 g6 3.Nc3 Bg7 4.f4 Nf6 5.Nf3 O-O 6.Be3 c6 7.Bd3 Nfd7 8.Qd2 e5
9.dxe5 dxe5 10.f5 Re8 11.g4 b6 12.O-O-O Nc5 13.h4 Bb7 14.Bxc5 bxc5 15.Qh2 Qc7
16.g5 h5 17.gxh6 Bxh6+ 18.Kb1 Kh7 19.Ng5+ Kg7 20.f6+ Kxf6 21.Rdf1+ Kg7 22.Rxf7+  1-0

[Event "Reykjavik op"]
[Site "Reykjavik"]
[Date "1996.??.??"]
[Round "1"]
[White "Thorarinsson, Pall A"]
[Black "Andreasen, Per"]
[Result "1-0"]
[WhiteElo "2065"]
[BlackElo "2325"]

1.d4 g6 2.e4 Bg7 3.Nc3 d6 4.h3 Nf6 5.Nf3 O-O 6.Be2 c6 7.a4 Nbd7 8.O-O e5
9.dxe5 dxe5 10.Be3 Qe7 11.Qd3 Nh5 12.a5 Nc5 13.Qc4 Na6 14.Qa4 Nc7 15.Qa3 Qf6
16.Bg5 Qe6 17.Be7 Re8 18.Bd6 Bf8 19.Bxf8 Rxf8 20.Ng5 Qf6 21.Qxf8+  1-0

[Event "Reykjavik op"]
[Site "Reykjavik"]
[Date "1996.??.??"]
[Round "6"]
[White "De Kleuver, Esther"]
[Black "Yoos, John C"]
[Result "1-0"]
[WhiteElo "2210"]
[BlackElo "2345"]

1.e4 g6 2.d4 d6 3.Nc3 Bg7 4.Nge2 Nf6 5.g3 O-O 6.Bg2 Nbd7 7.h3 e5 8.Be3 Re8
9.O-O a6 10.a4 exd4 11.Bxd4 c5 12.Be3 Ne5 13.b3 Rb8 14.f4 Nc6 15.Qd2 Qc7
16.Rad1 Rd8 17.g4 h6 18.Qe1 Nb4 19.Rd2 c4 20.bxc4 Be6 21.Qb1 a5 22.Nd5 Qxc4
23.Nb6 Qc7 24.c3 Na6 25.Rfd1 Bc4 26.Ng3 Ne8 27.e5 d5 28.Nxd5 Bxd5 29.Bxd5 Qxc3
30.Bf2 Rxd5 31.Rxd5 Nec7 32.Rd7 Ne6 33.f5 Ng5 34.R1d3 Qxe5 35.fxg6 fxg6 36.Qb3+ Kh8
37.Rd8+ Rxd8 38.Rxd8+  1-0

[Event "Reykjavik op"]
[Site "Reykjavik"]
[Date "1996.??.??"]
[Round "9"]
[White "Pinkus, Lutz"]
[Black "Akhsharumova, Anna M"]
[Result "1/2-1/2"]
[WhiteElo "2185"]
[BlackElo "2385"]

1.e4 g6 2.d4 Bg7 3.Nc3 d6 4.f4 Nf6 5.Nf3 O-O 6.Bd3 Na6 7.e5 dxe5 8.dxe5 Nd5
9.Nxd5 Qxd5 10.Qe2 Bf5 11.Bxf5 gxf5 12.Be3 Nb4 13.O-O Rad8 14.a3 Nc6 15.Rfd1 Qe6
16.Ng5 Qg6 17.Qb5 h6 18.Nf3 b6 19.Qc4 Kh7 20.Rxd8 Rxd8 21.Nh4 Qe6 22.Qxe6 fxe6
23.Nf3 Kg6 24.Kf2 Kf7 25.Ke2 Ke8 26.Rd1 Rd5 27.c4 Rxd1 28.Kxd1 Na5 29.Nd2 Kd7
30.Kc2 Kc8 31.c5 b5 32.b3 Nc6 33.Nf3 Kb7 34.Kc3 a6 35.h4 Kc8 36.h5 Kb7 37.Bf2 Kc8
38.Nd4 Nxd4 39.Kxd4 Kd7 40.a4 c6 41.Be1 Kc8 42.Bc3 Kd7 43.Ke3 Ke8 44.Kf3 Kf7
45.g4 fxg4+ 46.Kxg4 Bf8 47.Kf3 Bg7 48.Ke4 Bh8 49.Bd4 Bg7 50.Kd3 Ke8 51.Kc3 Kd8
52.Kd2 Bh8 53.Kd3 Ke8 54.Bf2 Bg7 55.Bh4 Bf8 56.Kd4 Kd8 57.f5 exf5 58.e6 Bg7+
59.Ke3 bxa4 60.bxa4 Be5 61.Kf3 Ke8 62.Bg3 Bxg3  1/2-1/2

[Event "EU-ch U18"]
[Site "Rimavska Sobota"]
[Date "1996.??.??"]
[Round "3"]
[White "Salmensuu, Olli"]
[Black "Surma, Dmitry"]
[Result "0-1"]
[WhiteElo "2305"]
[BlackElo "2275"]

1.e4 g6 2.d4 Bg7 3.Nc3 d6 4.Be3 c6 5.Qd2 Nd7 6.Nf3 b5 7.Bd3 Nb6 8.O-O Qc7
9.a4 Nc4 10.Bxc4 bxc4 11.Qe2 Ba6 12.b4 Nf6 13.Nd2 O-O 14.f3 Rfc8 15.Rab1 Nd7
16.Nd1 Rab8 17.f4 Nb6 18.Nb2 c5 19.c3 cxb4 20.cxb4 Nd7 21.Nd1 c3 22.Qxa6 cxd2
23.Rb2 Qc4 24.Qxa7 Rc7 25.Qa5 Bxd4 26.Rxd2 Bg7 27.b5 Rcc8 28.Qa7 Rc7 29.Qa5 Rcb7
30.e5 dxe5 31.b6 Nxb6 32.fxe5 Qe6 33.Re1 Nc4 34.Rd8+ Bf8 35.Qd5 Rxd8 36.Qxd8 Nxe3
37.Rxe3 Rd7  0-1

[Event "EU-ch U18"]
[Site "Rimavska Sobota"]
[Date "1996.??.??"]
[Round "4"]
[White "Turzo, Attila"]
[Black "Tjomsland, Stig"]
[Result "0-1"]
[WhiteElo "2315"]
[BlackElo "2220"]

1.e4 d6 2.d4 g6 3.Nc3 Bg7 4.Be3 Nf6 5.f3 O-O 6.Qd2 Nc6 7.O-O-O a6 8.Bh6 b5
9.h4 e5 10.d5 Na5 11.h5 Qe7 12.Bxg7 Kxg7 13.hxg6 fxg6 14.Bd3 b4 15.Nce2 Rb8
16.Nh3 c5 17.dxc6 Nxc6 18.Bc4 Na5 19.Bd5 Rb5 20.c4 bxc3 21.Nxc3 Rc5 22.Kb1 Bxh3
23.Rxh3 Rb8 24.Rdh1 h5 25.Ka1 Nxd5 26.Nxd5 Qb7 27.Rxh5 gxh5 28.Qg5+ Kf8 29.Qf6+ Ke8
30.Qe6+ Kf8 31.Qxd6+ Kf7 32.Qf6+ Ke8 33.Qxe5+ Kd7 34.Qe7+ Kc6 35.Qe6+ Kb5
36.Nc3+ Rxc3 37.bxc3 Ka4  0-1

[Event "EU-ch U18"]
[Site "Rimavska Sobota"]
[Date "1996.??.??"]
[Round "5"]
[White "Marcelin, Cyril"]
[Black "Surma, Dmitry"]
[Result "1/2-1/2"]
[WhiteElo "2260"]
[BlackElo "2275"]

1.e4 g6 2.d4 Bg7 3.Nc3 d6 4.g3 Nd7 5.Bg2 Ngf6 6.Nge2 O-O 7.O-O c5 8.h3 Rb8
9.a4 a6 10.a5 b5 11.axb6 Qxb6 12.Na4 Qc7 13.dxc5 Nxc5 14.Nxc5 Qxc5 15.Nf4 Bb7
16.Re1 Rfc8 17.c3 Qc7 18.Nd3 Nd7 19.Be3 Nb6 20.Qe2 Nc4 21.Rad1 a5 22.Bc1 Ba6
23.Qc2 Qb6 24.Nf4 Kf8 25.Nd5 Qb3 26.Qxb3 Rxb3 27.Bf1 h6 28.Ne3 Nxe3 29.Rxe3 Bxf1
30.Kxf1 a4 31.Red3 h5 32.Kg2 Rc4 33.Re1 Rb8 34.Re2 Kg8 35.Kf3 Rbc8 36.Rc2 Bf6
37.h4 Kg7 38.Be3 R8c6 39.Rcd2 Ra6 40.Bd4 Bxd4 41.cxd4 Rb6 42.Ke3 Kf6 43.Rc3 Rcb4
44.Ra3 e6 45.Rdd3 R6b5 46.Kf3 Rc4 47.Rd2 Ke7 48.Ke3 Rcb4 49.Rdd3 Rb6 50.Rdc3 f5
51.f3 Kf6 52.f4 fxe4 53.Kxe4 R6b5 54.Ke3 Kf5 55.Rc8 Kf6 56.Rf8+ Ke7 57.Ra8 Rb3+
58.Ke4 R5b4 59.R8xa4 Kf6 60.Rxb3 d5+ 61.Kf3 Rxb3+ 62.Ke2 Rxb2+ 63.Kf3 Rb3+
64.Kf2 Rd3 65.Rb4 Ra3 66.Rb8 Rc3 67.Rb7 Rd3 68.Rb4 Kf5 69.Rb8 Kg4 70.Rg8 Rf3+
71.Ke2 Rxg3 72.Rxg6+ Kxh4 73.Rxe6 Kg4 74.f5 h4 75.Re8 Kxf5 76.Kf2 Kf4 77.Re5 Rg5
78.Re8 Rh5 79.Kg2 h3+ 80.Kh2 Kf5 81.Re5+ Kg4 82.Rxh5  1/2-1/2

[Event "EU-ch U18"]
[Site "Rimavska Sobota"]
[Date "1996.??.??"]
[Round "5"]
[White "Salmensuu, Olli"]
[Black "Hrivnak, Martin"]
[Result "1/2-1/2"]
[WhiteElo "2305"]
[BlackElo "2185"]

1.e4 g6 2.d4 Bg7 3.Nc3 d6 4.Be3 Nf6 5.Qd2 O-O 6.Nf3 c6 7.Bd3 Nbd7 8.O-O Qc7
9.h3 e5 10.Rfe1 Re8 11.dxe5 Nxe5 12.Nxe5 dxe5 13.Bc4 b5 14.Bd3 Be6 15.f3 a6
16.Qf2 Bf8 17.Bf1 c5 18.Rad1 b4 19.Nd5 Bxd5 20.exd5 Bd6 21.Qh4 Nh5 22.Bf2 f5
23.Bc4 Kg7 24.Qg5 f4 25.Bh4 Rf8 26.Re2 Nf6 27.Be1 h6 28.Qh4 g5 29.Qf2 Rh8
30.Kf1 h5 31.Qg1 g4 32.Bh4 Raf8 33.Ke1 g3 34.Bxf6+ Rxf6 35.Re4 Qa5 36.Ke2 Qb6
37.Qe1 a5 38.Kd2 Re8 39.Qe2 Re7 40.Qd3 a4 41.Kc1 Ra7 42.Rde1 Re7 43.R4e2 Qa5
44.Qe4 Qb6 45.Kb1 Kf8 46.Qd3 Qa5 47.Re4 Kg7 48.Qd2 Qb6 49.R1e2 Rf8 50.Qe1 h4
51.Qd2 Qb8 52.Qd3 Qb6 53.Kc1 Rb8 54.Kd1 Qa5 55.Qd2 Qb6 56.Ke1 Rf8 57.Kf1 Rb8
58.Qd3 Qa5 59.Qd2 Qb6 60.Re1 Qc7 61.Kg1 Qb6 62.Kh1 Qc7 63.Qd3 Qb6 64.Ra1 Qa5
65.Re2 Rf8 66.Qe4 Rf6 67.Bd3 Kf8 68.Qc4 Qb6 69.Re4 Ra7 70.Re2 a3 71.b3 Rc7
72.Rc1 Rb7 73.Rce1 Re7 74.Re4 Qa5 75.Rc1 Rb7 76.Re2 Rc7 77.Ree1 Ra7 78.Re4 Rff7
79.Kg1 Rac7 80.Kf1 Rb7 81.Ke2 Rbc7 82.Kd2 Rcd7 83.Ke1 Rb7 84.Re2 Rbc7 85.Be4 Rb7
86.Kd1 Qb5 87.Qxb5 Rxb5 88.Bd3 Rb6 89.Re4 Rd7 90.Rc4 Rdb7 91.Ke2 Ke7 92.Bf5 Kf6
93.Be6 Rb8 94.Kd3 R8b7 95.Ke4 Rb8 96.c3 R8b7 97.Bg4 Rb8 98.Bd7 bxc3 99.R1xc3 Rb4
100.Rxb4 Rxb4+ 101.Rc4 Be7 102.Be6 Bd6 103.Bc8 Bf8 104.Bg4 Bd6 105.Kd3 Ke7
106.Be6 Kf6 107.Bg4 Ke7 108.Ke4 Kf6 109.Bh5 Bf8 110.Bg4 Bd6 111.Bh5 Bf8 112.Bg4 Bd6
113.Be6 Bf8 114.Bd7 Bd6 115.Bg4 Bf8 116.Be6 Bd6 117.Rxb4 cxb4  1/2-1/2

[Event "EU-ch U18"]
[Site "Rimavska Sobota"]
[Date "1996.??.??"]
[Round "7"]
[White "Ponomariov, Ruslan"]
[Black "Tjomsland, Stig"]
[Result "1-0"]
[WhiteElo "2550"]
[BlackElo "2220"]

1.e4 g6 2.d4 Bg7 3.Nc3 d6 4.f4 Nf6 5.Nf3 O-O 6.Bd3 Ne8 7.Be3 Bg4 8.h3 Bxf3
9.Qxf3 c6 10.e5 Nd7 11.O-O-O Qa5 12.h4 dxe5 13.dxe5 Nc7 14.h5 Rfd8 15.hxg6 hxg6
16.Rh4 Nc5 17.Bxc5 Qxc5 18.Rdh1 Nd5 19.Nxd5 Qxd5 20.Qh3 f5 21.Rh7 Qe6 22.b3 b5
23.g4 fxg4 24.Rxg7+ Kxg7 25.Qh7+ Kf8 26.Bxg6 Qg8 27.Qh5  1-0

[Event "EU-ch U16"]
[Site "Rimavska Sobota"]
[Date "1996.??.??"]
[Round "7"]
[White "Szelag, Marcin"]
[Black "Kallio, Heikki"]
[Result "1/2-1/2"]
[WhiteElo "2265"]
[BlackElo "2140"]

1.e4 g6 2.d4 Bg7 3.Nc3 d6 4.f4 Nf6 5.Nf3 O-O 6.Be2 c6 7.O-O a6 8.Qe1 b5 9.e5 Nd5
10.Nxd5 cxd5 11.a4 bxa4 12.Rxa4 Nc6 13.Be3 a5 14.Qd2 Rb8 15.b3 Bf5 16.Rfa1 f6
17.c4 Rxb3 18.cxd5 Nb4 19.Rc1 Nd3 20.Rca1 Nb4 21.Rc1 Nd3 22.Rca1 Nb4  1/2-1/2

[Event "Rosario"]
[Site "Rosario"]
[Date "1996.??.??"]
[Round "6"]
[White "Spangenberg, Hugo"]
[Black "Perez Cascella, Julio"]
[Result "1-0"]
[WhiteElo "2505"]
[BlackElo "2230"]

1.e4 g6 2.d4 Bg7 3.Nc3 d6 4.Bg5 Nf6 5.f3 c6 6.Qd2 Nbd7 7.O-O-O Qa5 8.Kb1 b5
9.h4 b4 10.Nce2 Ba6 11.Nc1 Bxf1 12.Rxf1 Rb8 13.Nge2 Qb5 14.Ng3 Nb6 15.b3 Nfd7
16.Bh6 Bxh6 17.Qxh6 a5 18.h5 Rf8 19.Qxh7 Nf6 20.Qh6 Nxh5 21.Nxh5 gxh5 22.Nd3 Ra8
23.Rxh5 d5 24.Rfh1 a4 25.Ne5 e6 26.Nxf7 Kxf7 27.Re5  1-0

[Event "SVK-ch Boys U18"]
[Site "Ruzomberok"]
[Date "1996.??.??"]
[Round "9"]
[White "Betko, Lubomir"]
[Black "Hrivnak, Martin"]
[Result "0-1"]
[WhiteElo "2195"]
[BlackElo "2190"]

1.e4 g6 2.d4 Bg7 3.Nc3 d6 4.Be3 Nf6 5.f3 O-O 6.Qd2 c6 7.h4 h5 8.Bh6 e5 9.O-O-O Qa5
10.Nge2 b5 11.g4 b4 12.Nb1 Nbd7 13.Ng3 exd4 14.Bxg7 Kxg7 15.gxh5 Nxh5 16.Qxd4+ Ndf6
17.Nxh5+ Qxh5 18.Bc4 d5 19.exd5 cxd5 20.Bd3 Bf5 21.Rhg1 Bxd3 22.Rxd3 Rfe8
23.Qxb4 Rac8 24.Nd2 Qf5 25.Qd4 Qe5 26.Nb3 Qe2 27.Nc5 Re5 28.Rd2 Qe3 29.Nb3 Rc4
30.Qxe3 Rxe3 31.Nd4 Re5 32.c3 Rh5 33.Rg5 Kh6 34.Re2 Rxh4 35.Rgg2 Rhxd4 36.Re7 Kg7
37.Rxa7  0-1